[Event "VIE-ch U07"]
[Site "Ho Chi Minh City"]
[Date "2014.07.15"]
[Round "5"]
[White "Do, Nguyen Bao"]
[Black "Ho, Truong Nguyen"]
[Result "0-1"]
[WhiteElo "1413"]
[BlackElo "1379"]
[PlyCount "44"]
[EventDate "2014.07.13"]
[EventType "swiss"]
[EventRounds "9"]
[EventCountry "VIE"]
[SourceTitle "EXT 2016"]
[Source "ChessBase"]
[SourceDate "2015.10.08"]
[SourceVersion "1"]
[SourceVersionDate "2015.10.08"]
[SourceQuality "1"]

1. e4 c5 2. Nf3 d6 3. Bc4 Nf6 4. Ng5 e6 5. 0-0 d5 6. exd5 Nxd5 7. Bb5+ Bd7 8. c4 Nf6 9. Nc3 Nc6 10. Qf3 Be7 11. Nce4 0-0 12. Nxf6+ Bxf6 13. d3 Bxg5 14. Bxg5 Qxg5 15. Rae1 Qf5 16. Qh3 Qxh3 17. gxh3 a6 18. Ba4 e5 19. Bc2 Bxh3 20. d4 Bxf1 21. Kxf1 Nxd4 22. Bb1 Nc6 0-1